[Event "3. Campeonato de la Unión Europea"]
[Site "Arvier ITA"]
[Date "2007.06.18"]
[Round "4.28"]
[White "Frank, Albert"]
[Black "Borosova, Zuzana"]
[Result "0-1"]
[WhiteElo "1987"]
[BlackElo "2206"]
[PlyCount "92"]
[EventDate "2007.06.15"]
[EventType "swiss"]
[EventRounds "10"]
[EventCountry "ITA"]
[Source "lmi"]
[SourceDate "2007.06.15"]

1. Nf3 Nf6 2. b3 g6 3. Bb2 Bg7 4. c4 c5 5. g3 b6 6. Bg2 Bb7 7. O-O Qc7 8. Nc3
a6 9. Nd5 Bxd5 10. cxd5 O-O 11. Ne1 d6 12. Rc1 Nbd7 13. Rc2 a5 14. a3 Qa7 15.
Nd3 Rab8 16. e4 Ne8 17. Bxg7 Kxg7 18. Qa1+ Kg8 19. e5 Nc7 20. e6 fxe6 21. dxe6
Nf6 22. Re1 Nb5 23. Nf4 Nd4 24. Rc3 b5 25. Qb1 b4 26. Rce3 Kg7 27. a4 Ng4 28.
Re4 Nf6 29. R4e3 Rbc8 30. Rc1 Ng4 31. Re4 Ne5 32. Nd5 Qb7 33. Rxe5 dxe5 34. Qe4
Nc6 35. Rxc5 Qa7 36. d4 Nxd4 37. Qxe5+ Kg8 38. Rxa5 Rc1+ 39. Bf1 Nf3+ 40. Kg2
Qxf2+ 41. Kxf2 Nxe5+ 42. Nf4 Ng4+ 43. Ke2 Rfc8 44. Nd3 R8c2+ 45. Kf3 Nxh2+ 46.
Ke4 Rxf1 0-1

[Event "3. Campeonato de la Unión Europea"]
[Site "Arvier ITA"]
[Date "2007.06.18"]
[Round "4.29"]
[White "Majer, Chris E"]
[Black "Ocantos, Manuel"]
[Result "1-0"]
[WhiteElo "2036"]
[BlackElo "2178"]
[PlyCount "47"]
[EventDate "2007.06.15"]
[EventType "swiss"]
[EventRounds "10"]
[EventCountry "ITA"]
[Source "lmi"]
[SourceDate "2007.06.15"]

1. e4 e5 2. Bc4 Nf6 3. d3 Bc5 4. Nc3 h6 5. f4 d6 6. Na4 Bxg1 7. Rxg1 exf4 8.
Bxf4 d5 9. exd5 Nxd5 10. Qf3 Nxf4 11. Qxf4 O-O 12. O-O-O Bd7 13. Nc3 Nc6 14.
Rdf1 Be8 15. g4 Qg5 16. Qxg5 hxg5 17. Nd5 Nd4 18. Kd2 b5 19. Rg3 g6 20. Nf6+
Kg7 21. Rh3 Rh8 22. Nxe8+ Raxe8 23. Rxf7+ Kg8 24. Re7+ 1-0

[Event "3. Campeonato de la Unión Europea"]
[Site "Arvier ITA"]
[Date "2007.06.18"]
[Round "4.30"]
[White "Llaneza Vega, Marcos"]
[Black "Beggi, Pierluigi"]
[Result "1/2-1/2"]
[WhiteElo "2455"]
[BlackElo "2141"]
[PlyCount "96"]
[EventDate "2007.06.15"]
[EventType "swiss"]
[EventRounds "10"]
[EventCountry "ITA"]
[Source "lmi"]
[SourceDate "2007.06.15"]

1. e4 c5 2. Nc3 g6 3. d4 cxd4 4. Qxd4 Nf6 5. e5 Nc6 6. Qf4 Nh5 7. Qe3 Ng7 8.
Bd3 Ne6 9. Nge2 Qa5 10. f4 Nb4 11. Bd2 Qc5 12. O-O-O Qxe3 13. Bxe3 Nxd3+ 14.
Rxd3 Bg7 15. Nd5 b6 16. Nd4 Kd8 17. Rhd1 Nxd4 18. Rxd4 g5 19. Ra4 Bb7 20. g3 h5
21. Rxa7 Bxd5 22. Bxb6+ Kc8 23. Rc7+ Kb8 24. Rxd5 Ra6 25. Rdxd7 Rxb6 26. Rxe7
gxf4 27. gxf4 Bh6 28. Rxf7 Rb4 29. c3 Bxf4+ 30. Kc2 Rb6 31. Rh7 Rd8 32. b4 Bxh2
33. Rce7 Bf4 34. Rxh5 Rc6 35. Rh3 Bg5 36. Rf7 Re6 37. Rf5 Bd2 38. c4 Bxb4 39.
Rb3 Rb6 40. a3 Bc5 41. e6 Rxb3 42. Kxb3 Rd3+ 43. Ka4 Bxa3 44. Kb5 Kc7 45. Rf7+
Kd8 46. Ra7 Re3 47. c5 Bxc5 48. Kxc5 Rxe6 1/2-1/2

[Event "3. Campeonato de la Unión Europea"]
[Site "Arvier ITA"]
[Date "2007.06.18"]
[Round "4.31"]
[White "Brunello, Roberta"]
[Black "Bruno, Fabio"]
[Result "0-1"]
[WhiteElo "1953"]
[BlackElo "2428"]
[PlyCount "64"]
[EventDate "2007.06.15"]
[EventType "swiss"]
[EventRounds "10"]
[EventCountry "ITA"]
[Source "lmi"]
[SourceDate "2007.06.15"]

1. e4 c5 2. Nf3 e6 3. d4 cxd4 4. Nxd4 a6 5. Nc3 Qc7 6. Be3 Nf6 7. Qd2 Bb4 8. f3
d5 9. a3 Bxc3 10. Qxc3 Qxc3+ 11. bxc3 dxe4 12. fxe4 Nxe4 13. c4 Nd7 14. Bd3 Nd6
15. O-O Ne5 16. c5 Ndc4 17. Bf4 O-O 18. Rab1 Rd8 19. Bxe5 Nxe5 20. Nf3 Rd5 21.
c6 Nxc6 22. Be4 Rd8 23. Bxc6 bxc6 24. Rb6 Bd7 25. Ne5 Be8 26. Nxc6 Bxc6 27.
Rxc6 Rdc8 28. Rb6 Rxc2 29. Rb7 Rf8 30. Rb6 Rc7 31. Rxa6 Rfc8 32. a4 g5 0-1

[Event "3. Campeonato de la Unión Europea"]
[Site "Arvier ITA"]
[Date "2007.06.18"]
[Round "4.32"]
[White "Giacometto, Mario"]
[Black "Zimina, Olga"]
[Result "0-1"]
[WhiteElo "1931"]
[BlackElo "2377"]
[PlyCount "58"]
[EventDate "2007.06.15"]
[EventType "swiss"]
[EventRounds "10"]
[EventCountry "ITA"]
[Source "lmi"]
[SourceDate "2007.06.15"]

1. e4 e5 2. d4 exd4 3. c3 d3 4. Bxd3 Nc6 5. Nf3 Bc5 6. O-O d6 7. Nbd2 Bg4 8.
Nb3 Bb6 9. Be2 Nge7 10. Bg5 h6 11. Bh4 Qd7 12. Nfd4 Bxe2 13. Qxe2 g5 14. Bg3
O-O-O 15. Rad1 h5 16. e5 h4 17. exd6 hxg3 18. dxe7 Nxe7 19. hxg3 Rh6 20. f4
gxf4 21. gxf4 Nf5 22. Qg4 Rg6 23. Qh3 Rg3 24. Qh2 Rdg8 25. Rf2 Ne3 26. Rdd2 Rh3
27. Nc6 Rxh2 28. Rxd7 Rhxg2+ 29. Rxg2 Rxg2+ 0-1

[Event "3. Campeonato de la Unión Europea"]
[Site "Arvier ITA"]
[Date "2007.06.18"]
[Round "4.33"]
[White "Bisignano, Giuseppe"]
[Black "Battistella, Stefano"]
[Result "0-1"]
[WhiteElo "1928"]
[BlackElo "2068"]
[PlyCount "72"]
[EventDate "2007.06.15"]
[EventType "swiss"]
[EventRounds "10"]
[EventCountry "ITA"]
[Source "lmi"]
[SourceDate "2007.06.15"]

1. e4 e5 2. Nf3 Nf6 3. Nxe5 d6 4. Nf3 Nxe4 5. d3 Nf6 6. Nc3 d5 7. Bf4 Bd6 8.
Qd2 c6 9. Bxd6 Qxd6 10. O-O-O O-O 11. h3 b5 12. g4 Be6 13. Kb1 b4 14. Ne2 c5
15. Bg2 Na6 16. Ng3 Nc7 17. Nf5 Bxf5 18. gxf5 Nb5 19. Ka1 Rab8 20. Rhg1 Kh8 21.
Bh1 h6 22. Rxg7 Kxg7 23. Rg1+ Kh7 24. Ng5+ hxg5 25. Qxg5 Rg8 26. Qh4+ Nh5 27.
Qxh5+ Qh6 28. Qxf7+ Rg7 29. Rxg7+ Qxg7 30. Qh5+ Qh6 31. Qd1 Rd8 32. Qe1 Re8 33.
Qd1 Nd4 34. Kb1 Re2 35. c3 bxc3 36. bxc3 Qb6+ 0-1

[Event "3. Campeonato de la Unión Europea"]
[Site "Arvier ITA"]
[Date "2007.06.18"]
[Round "4.35"]
[White "Cavatorta, Fosco"]
[Black "Astengo, Marcello"]
[Result "1-0"]
[WhiteElo "1921"]
[BlackElo "2061"]
[PlyCount "75"]
[EventDate "2007.06.15"]
[EventType "swiss"]
[EventRounds "10"]
[EventCountry "ITA"]
[Source "lmi"]
[SourceDate "2007.06.15"]

1. e4 e6 2. d3 d5 3. Nd2 c5 4. Ngf3 Nc6 5. g3 b6 6. Bg2 Bb7 7. O-O Nge7 8. Re1
g6 9. h4 h6 10. exd5 exd5 11. d4 c4 12. Nxc4 dxc4 13. d5 Qd7 14. dxc6 Qxc6 15.
Qd4 Rg8 16. Bf4 Rd8 17. Qe3 Rh8 18. Qe5 f6 19. Qe2 Qc8 20. c3 Kf7 21. Nd4 Bxg2
22. Kxg2 g5 23. Qh5+ Ng6 24. Bd2 Bc5 25. f4 Bxd4 26. cxd4 Rd5 27. Bb4 Kg7 28.
Qf3 Rxd4 29. h5 Rd3 30. Qe4 f5 31. Bc3+ Rxc3 32. Qd4+ Kg8 33. bxc3 Qc6+ 34. Kh2
Nf8 35. Re7 Rh7 36. Rae1 gxf4 37. gxf4 Rf7 38. Rg1+ 1-0

[Event "3. Campeonato de la Unión Europea"]
[Site "Arvier ITA"]
[Date "2007.06.18"]
[Round "4.36"]
[White "Gorse, Gerard"]
[Black "Testa, Adriano"]
[Result "1-0"]
[WhiteElo "2058"]
[BlackElo "1907"]
[PlyCount "91"]
[EventDate "2007.06.15"]
[EventType "swiss"]
[EventRounds "10"]
[EventCountry "ITA"]
[Source "lmi"]
[SourceDate "2007.06.15"]

1. d4 d5 2. c4 e6 3. g3 Nf6 4. Bg2 c6 5. Nf3 Nbd7 6. Qb3 Be7 7. Nc3 h6 8. O-O
O-O 9. Rd1 b6 10. cxd5 cxd5 11. Bf4 Ba6 12. Nb5 Bxb5 13. Qxb5 Nh5 14. Bd2 Bd6
15. Rac1 Qe7 16. Rc6 Nhf6 17. Rdc1 Ne4 18. Bf4 Bxf4 19. gxf4 Nd6 20. Qb4 Rac8
21. R1c3 Nf5 22. Qxe7 Nxe7 23. Rc7 Rfd8 24. Rxa7 Rxc3 25. bxc3 Nf5 26. e3 Nd6
27. Bf1 Ne4 28. c4 Ndf6 29. Ne5 dxc4 30. Bxc4 Rc8 31. Bd3 Nd6 32. Kg2 Nd5 33.
Rd7 f6 34. Rxd6 fxe5 35. fxe5 Kf7 36. Be4 Nc3 37. Bc6 Rc7 38. Bd7 Ne4 39. Bxe6+
Ke7 40. Rxb6 Rc2 41. Bb3 Rxf2+ 42. Kg1 Re2 43. d5 Rxe3 44. d6+ Nxd6 45. exd6+
Kd7 46. Ba4+ 1-0

[Event "3. Campeonato de la Unión Europea"]
[Site "Arvier ITA"]
[Date "2007.06.18"]
[Round "4.38"]
[White "Stojanovic, Vojislav"]
[Black "Motzer, Heinrich"]
[Result "1/2-1/2"]
[WhiteElo "1911"]
[BlackElo "2021"]
[PlyCount "110"]
[EventDate "2007.06.15"]
[EventType "swiss"]
[EventRounds "10"]
[EventCountry "ITA"]
[Source "lmi"]
[SourceDate "2007.06.15"]

1. e4 d5 2. exd5 Qxd5 3. Nc3 Qa5 4. d3 c6 5. Bd2 Qb6 6. Qc1 Nf6 7. Be3 Qc7 8.
h3 Bf5 9. Nf3 e5 10. Nh4 Be6 11. Be2 Be7 12. Nf3 Nbd7 13. g4 Nb6 14. Ng5 Bd7
15. f4 Nfd5 16. fxe5 Qxe5 17. Nxd5 Nxd5 18. Bd2 O-O 19. Nf3 Qg3+ 20. Kd1 Rfe8
21. c4 Bc5 22. Be1 Ne3+ 23. Qxe3 Qxe1+ 24. Nxe1 Rxe3 25. Nc2 Re7 26. Kd2 Bd6
27. Bf3 Rae8 28. Rae1 Rxe1 29. Rxe1 Rxe1 30. Kxe1 f5 31. d4 f4 32. h4 Kf7 33.
Ke2 Kf6 34. Kd3 g5 35. h5 Ke6 36. Be4 Kf6 37. Bf3 h6 38. b3 b6 39. Bd1 c5 40.
d5 Ke5 41. Bf3 Bc8 42. Na3 a6 43. Nb1 Bd7 44. Nc3 Be8 45. Ne4 Be7 46. Kc3 Bd7
47. Nf2 Bf6 48. Nd3+ Kd6+ 49. Kd2 Bd4 50. Ke2 b5 51. Ne1 bxc4 52. bxc4 Ba4 53.
Kd3 Ke5 54. Be4 Bd1 55. Nf3+ Bxf3 1/2-1/2

[Event "3. Campeonato de la Unión Europea"]
[Site "Arvier ITA"]
[Date "2007.06.18"]
[Round "4.39"]
[White "Occhipinti, Massimo"]
[Black "Mortola, Alberto"]
[Result "0-1"]
[WhiteElo "2020"]
[BlackElo "1905"]
[PlyCount "142"]
[EventDate "2007.06.15"]
[EventType "swiss"]
[EventRounds "10"]
[EventCountry "ITA"]
[Source "lmi"]
[SourceDate "2007.06.15"]

1. e4 e5 2. Nc3 Nf6 3. g3 d5 4. exd5 Nxd5 5. Bg2 Be6 6. Nf3 Nc6 7. O-O Bd6 8.
d3 Qd7 9. Re1 Nxc3 10. bxc3 O-O 11. Ng5 Bg4 12. Bf3 Bxf3 13. Qxf3 h6 14. Ne4 f5
15. Nxd6 cxd6 16. Qd5+ Kh8 17. Ba3 Rf6 18. Rab1 f4 19. Qg2 f3 20. Qf1 Ne7 21.
c4 Nf5 22. c3 h5 23. Re4 g5 24. Bc1 Rg8 25. Rb5 g4 26. h4 Nxh4 27. Bf4 Ng6 28.
Bg5 Rf5 29. Qc1 Qh7 30. Kf1 h4 31. gxh4 Nxh4 32. Rxg4 Ng2 33. Bf6+ Rxf6 34.
Rxg8+ Kxg8 35. Qg5+ Qg6 36. Qxg6+ Rxg6 37. Rxb7 Rg7 38. Rb8+ Kf7 39. Rb7+ Kf6
40. Rb8 Rh7 41. Rf8+ Rf7 42. Rb8 Nf4 43. d4 Rh7 44. Ke1 Nd3+ 45. Kd2 Nxf2 46.
Ke3 Nd1+ 47. Kxf3 Nxc3 48. dxe5+ Kxe5 49. a3 Rc7 50. Ra8 Kd4 51. Rd8 Ne4 52. c5
Rxc5 53. Rd7 Rc3+ 54. Kf4 Rxa3 55. Rb7 d5 56. Rb1 a5 57. Rd1+ Kc5 58. Ke5 Nc3
59. Rd3 Kc4 60. Rd4+ Kb3 61. Rh4 a4 62. Rh3 Kc4 63. Rh4+ Ne4 64. Rh1 Ra2 65.
Rd1 Nc3 66. Rh1 a3 67. Rh4+ Kb3 68. Rh8 Ra1 69. Rb8+ Kc2 70. Rh8 a2 71. Rh2+
Kb3 0-1

[Event "3. Campeonato de la Unión Europea"]
[Site "Arvier ITA"]
[Date "2007.06.18"]
[Round "4.41"]
[White "Marguerettaz, Davy"]
[Black "Mazzetta, Renato"]
[Result "0-1"]
[WhiteElo "2005"]
[BlackElo "1864"]
[PlyCount "89"]
[EventDate "2007.06.15"]
[EventType "swiss"]
[EventRounds "10"]
[EventCountry "ITA"]
[Source "lmi"]
[SourceDate "2007.06.15"]

1. e4 c5 2. Nf3 e6 3. b3 d6 4. Bb5+ Nd7 5. O-O a6 6. Bxd7+ Bxd7 7. Bb2 e5 8. d3
g6 9. a4 b5 10. a5 Bg7 11. Nc3 Ne7 12. Nd5 Nxd5 13. exd5 O-O 14. Nd2 f5 15. f4
Qe7 16. fxe5 dxe5 17. Re1 Qd6 18. c4 Rae8 19. b4 cxb4 20. Qb3 bxc4 21. dxc4 e4
22. Bxg7 Kxg7 23. Qb2+ Qe5 24. Qxe5+ Rxe5 25. Nf3 Ree8 26. Nd4 Rc8 27. Rac1 Kf6
28. Re2 Ke5 29. Rd2 f4 30. Ne2 Rc5 31. Rb2 Rb8 32. g3 f3 33. Nf4 g5 34. Nh5 e3
35. Rb3 Kd4 36. Nf6 Ba4 37. Rb2 Rxc4 38. Ra1 e2 39. Kf2 Rc2 40. Rxc2 Bxc2 41.
d6 b3 42. Ra4+ Kd3 43. d7 b2 44. Ra3+ Kd2 45. Ne4+ 0-1

[Event "3. Campeonato de la Unión Europea"]
[Site "Arvier ITA"]
[Date "2007.06.18"]
[Round "4.43"]
[White "Campbell, Ian"]
[Black "Scanferla, Paolo"]
[Result "1/2-1/2"]
[WhiteElo "1996"]
[BlackElo "1707"]
[PlyCount "61"]
[EventDate "2007.06.15"]
[EventType "swiss"]
[EventRounds "10"]
[EventCountry "ITA"]
[Source "lmi"]
[SourceDate "2007.06.15"]

1. d4 Nf6 2. Nf3 g6 3. e3 Bg7 4. c4 d6 5. Nc3 O-O 6. Be2 Nc6 7. O-O e5 8. Re1
Ne8 9. a3 f5 10. b4 Qe7 11. b5 Nb8 12. Nd5 Qd7 13. dxe5 dxe5 14. Bb2 e4 15. Nd4
c5 16. bxc6 Nxc6 17. Qd2 Nxd4 18. Bxd4 Bxd4 19. Qxd4 b6 20. Red1 Qg7 21. Qd2
Nf6 22. Rac1 Bb7 23. Nf4 Qe7 24. Qa2 Kh8 25. Rd4 Rad8 26. Rcd1 Rxd4 27. Rxd4
Rd8 28. Qd2 Rxd4 29. Qxd4 Kg7 30. h4 Kf7 31. a4 1/2-1/2

[Event "3. Campeonato de la Unión Europea"]
[Site "Arvier ITA"]
[Date "2007.06.18"]
[Round "4.44"]
[White "Fox, Pierre"]
[Black "Antoniacci, Riccardo"]
[Result "0-1"]
[WhiteElo "1832"]
[BlackElo "1995"]
[PlyCount "62"]
[EventDate "2007.06.15"]
[EventType "swiss"]
[EventRounds "10"]
[EventCountry "ITA"]
[Source "lmi"]
[SourceDate "2007.06.15"]

1. d4 Nf6 2. c4 e6 3. Nc3 Bb4 4. f3 d5 5. a3 Bxc3+ 6. bxc3 O-O 7. cxd5 exd5 8.
e3 Bf5 9. Ne2 Re8 10. Ng3 Bg6 11. Bb5 c6 12. Bd3 Nh5 13. Bxg6 hxg6 14. Ra2 Qh4
15. Kf2 Nd7 16. Re2 Re6 17. Kg1 Nxg3 18. hxg3 Qxg3 19. Rh3 Qc7 20. Qe1 Rae8 21.
a4 Qd6 22. Qh4 f5 23. Qg5 Qe7 24. Qf4 Nb6 25. g4 Qf6 26. Reh2 fxg4 27. Rh8+ Kf7
28. Rxe8 Qxf4 29. exf4 Rxe8 30. Kf2 gxf3 31. Kxf3 Nxa4 0-1

[Event "3. Campeonato de la Unión Europea"]
[Site "Arvier ITA"]
[Date "2007.06.18"]
[Round "4.45"]
[White "Di Cio, Enrico"]
[Black "De Marco, Walter"]
[Result "1-0"]
[WhiteElo "1776"]
[BlackElo "1992"]
[PlyCount "89"]
[EventDate "2007.06.15"]
[EventType "swiss"]
[EventRounds "10"]
[EventCountry "ITA"]
[Source "lmi"]
[SourceDate "2007.06.15"]

1. e4 e6 2. d4 b6 3. Nf3 Bb7 4. Bd3 c5 5. Be3 Nf6 6. Nbd2 cxd4 7. Bxd4 Nc6 8.
Bc3 Nb4 9. O-O Nxd3 10. cxd3 Be7 11. Re1 O-O 12. Rc1 d5 13. e5 Ne8 14. d4 Nc7
15. Qb3 Ba6 16. Bb4 Rc8 17. Qa3 Bxb4 18. Qxb4 Bd3 19. Qa3 Bc4 20. Nxc4 dxc4 21.
Rxc4 Qd5 22. Rec1 Nb5 23. Qb4 a5 24. Qb3 Nxd4 25. Nxd4 Rcd8 26. Nf3 h6 27. h3
g5 28. Qxb6 Qd3 29. Qxa5 Qe2 30. Qc3 Rd3 31. Qc2 Qxc2 32. R4xc2 Kg7 33. Rc8
Rd1+ 34. Rxd1 Rxc8 35. Ra1 Kg6 36. a4 h5 37. a5 g4 38. hxg4 hxg4 39. Nh4+ Kg5
40. g3 f6 41. exf6 Kxf6 42. b4 Ke5 43. b5 Kd6 44. b6 Kc6 45. Rc1+ 1-0

[Event "3. Campeonato de la Unión Europea"]
[Site "Arvier ITA"]
[Date "2007.06.18"]
[Round "4.46"]
[White "Russo, Carmelo"]
[Black "Foisor, Mihaela Veronica"]
[Result "1/2-1/2"]
[WhiteElo "1665"]
[BlackElo "1980"]
[PlyCount "81"]
[EventDate "2007.06.15"]
[EventType "swiss"]
[EventRounds "10"]
[EventCountry "ITA"]
[Source "lmi"]
[SourceDate "2007.06.15"]

1. d4 e6 2. Nf3 f5 3. Nc3 Nf6 4. Bg5 d5 5. e3 Be7 6. Bd3 b6 7. Qe2 Bb7 8. h4
Nbd7 9. Bxf6 Nxf6 10. Ng5 Qd7 11. Bb5 c6 12. Ba6 Rb8 13. Bxb7 Rxb7 14. Nf3 Bd6
15. Ng5 Bb4 16. f3 Qd6 17. a3 Bxc3+ 18. bxc3 Rc7 19. c4 h6 20. Nh3 Qg3+ 21. Kd2
dxc4 22. Nf4 Nd5 23. Rh3 Nxf4 24. Rxg3 Nxe2 25. Kxe2 Kf7 26. h5 Rd8 27. f4 Rd5
28. Kd2 c5 29. c3 cxd4 30. exd4 Rb5 31. Kc2 Rb3 32. a4 Rd7 33. Rg6 Rd6 34. g4
Rd5 35. g5 hxg5 36. Rxg5 Rd7 37. Rag1 Kf8 38. Rg6 Re7 39. h6 gxh6 40. Rg8+ Kf7
41. R1g7+ 1/2-1/2

[Event "3. Campeonato de la Unión Europea"]
[Site "Arvier ITA"]
[Date "2007.06.18"]
[Round "4.52"]
[White "Colombrini, Adolfo"]
[Black "Renzini, Lorenzo"]
[Result "1-0"]
[WhiteElo "1972"]
[BlackElo "1839"]
[PlyCount "99"]
[EventDate "2007.06.15"]
[EventType "swiss"]
[EventRounds "10"]
[EventCountry "ITA"]
[Source "lmi"]
[SourceDate "2007.06.15"]

1. e4 c5 2. Nf3 d6 3. d4 cxd4 4. Nxd4 Nf6 5. Nc3 a6 6. Bc4 e6 7. Bb3 Be7 8. Be3
Nbd7 9. Bxe6 Ne5 10. Bxc8 Rxc8 11. Nf5 O-O 12. Nd5 Nxd5 13. Qxd5 Rc6 14. Nxe7+
Qxe7 15. c3 Nc4 16. Bg5 Qe5 17. O-O-O Nb6 18. Qxe5 dxe5 19. Rd3 Na4 20. Rhd1
Nc5 21. Re3 f6 22. Bh4 b5 23. f3 Ne6 24. Bf2 Rfc8 25. Red3 b4 26. Kc2 Nf4 27.
Rd8+ Kf7 28. Rxc8 Rxc8 29. g3 Ne6 30. Rd7+ Ke8 31. Ra7 Rc6 32. Kb3 bxc3 33.
bxc3 Kf8 34. Be3 Nc7 35. a4 Ke7 36. a5 Kd6 37. c4 Ne6 38. Kc3 Nc7 39. Kb4 Ke6
40. Rb7 Kd7 41. Bb6 Kc8 42. Rxc7+ Rxc7 43. Bxc7 Kxc7 44. Kc5 h6 45. h3 h5 46.
Kd5 Kd7 47. c5 Kc7 48. c6 Kd8 49. Kd6 Kc8 50. c7 1-0

[Event "3. Campeonato de la Unión Europea"]
[Site "Arvier ITA"]
[Date "2007.06.18"]
[Round "4.55"]
[White "Varinelli, Sara"]
[Black "Bellia, Mario"]
[Result "1-0"]
[WhiteElo "1694"]
[BlackElo "1407"]
[PlyCount "40"]
[EventDate "2007.06.15"]
[EventType "swiss"]
[EventRounds "10"]
[EventCountry "ITA"]
[Source "lmi"]
[SourceDate "2007.06.15"]

1. e4 g6 2. d4 Bg7 3. Nf3 d6 4. Be3 Nf6 5. Nc3 c6 6. Bc4 O-O 7. h3 Nbd7 8. Qd2
b5 9. Bd3 b4 10. Ne2 a5 11. Bh6 e5 12. Bxg7 Kxg7 13. Ng3 exd4 14. Nxd4 Ne5 15.
Be2 Ba6 16. h4 Qc7 17. h5 Bxe2 18. hxg6 Nxg6 19. Qh6+ Kg8 20. Ngf5 Ne8 1-0

[Event "3. Campeonato de la Unión Europea"]
[Site "Arvier ITA"]
[Date "2007.06.18"]
[Round "4.56"]
[White "Cornaggia, Ranieri"]
[Black "Zaccaria, Sonia"]
[Result "1/2-1/2"]
[WhiteElo "1548"]
[BlackElo "1377"]
[PlyCount "137"]
[EventDate "2007.06.15"]
[EventType "swiss"]
[EventRounds "10"]
[EventCountry "ITA"]
[Source "lmi"]
[SourceDate "2007.06.15"]

1. e4 e5 2. Nf3 d6 3. Bc4 Be7 4. Nc3 Nf6 5. d4 exd4 6. Nxd4 O-O 7. O-O Nc6 8.
Nxc6 bxc6 9. f4 d5 10. exd5 Bb7 11. dxc6 Bxc6 12. Be3 Bd6 13. Bd5 Nxd5 14. Nxd5
Re8 15. Re1 a6 16. Qf3 Bxd5 17. Qxd5 Qh4 18. Bf2 Qh6 19. Re4 Rad8 20. Rae1 Rxe4
21. Rxe4 Qf6 22. Bd4 Qg6 23. c4 Rb8 24. c5 Bf8 25. b3 Qg4 26. Bb2 h6 27. f5 Qg5
28. Re5 Rd8 29. Qf3 f6 30. Rd5 Rxd5 31. Qxd5+ Kh7 32. Kf2 Qf4+ 33. Kg1 Qe3+ 34.
Kf1 Bxc5 35. Qf3 Qg1+ 36. Ke2 Qxh2 37. Qg4 Kh8 38. b4 Bd6 39. Qg6 Qf4 40. Qe8+
Kh7 41. Qg6+ Kg8 42. Bxf6 Qe4+ 43. Kf2 Qf4+ 44. Ke2 Qc4+ 45. Kf3 Qd3+ 46. Kf2
Qd2+ 47. Kf3 Qd1+ 48. Kf2 Qd2+ 49. Kf1 Qf4+ 50. Ke2 Bf8 51. Bc3 Qe4+ 52. Kd2
Qd5+ 53. Ke3 Qxa2 54. Qe6+ Qxe6+ 55. fxe6 g5 56. Ke4 Kh7 57. Kf5 Kg8 58. Bf6
Bxb4 59. Kg6 Kf8 60. Kxh6 Be7 61. Kxg5 Bxf6+ 62. Kxf6 a5 63. Ke5 a4 64. Kd4 Ke7
65. Kc4 Kxe6 66. Kb4 Ke5 67. Kxa4 c5 68. Kb3 Kd4 69. Kc2 1/2-1/2

[Event "3. Campeonato de la Unión Europea"]
[Site "Arvier ITA"]
[Date "2007.06.19"]
[Round "5.1"]
[White "Sedlak, Nikola"]
[Black "D'Amore, Carlo"]
[Result "1-0"]
[WhiteElo "2575"]
[BlackElo "2476"]
[PlyCount "85"]
[EventDate "2007.06.15"]
[EventType "swiss"]
[EventRounds "10"]
[EventCountry "ITA"]
[Source "lmi"]
[SourceDate "2007.06.15"]

1. d4 d5 2. c4 c6 3. Nf3 Nf6 4. e3 Bg4 5. Nc3 e6 6. h3 Bxf3 7. Qxf3 Nbd7 8. Bd2
Bb4 9. Bd3 O-O 10. a3 Bd6 11. O-O a6 12. Qd1 dxc4 13. Bxc4 b5 14. Be2 c5 15.
Bf3 Rb8 16. dxc5 Nxc5 17. Qc2 Qe7 18. Rfd1 Rfc8 19. Be1 Be5 20. Qe2 g6 21. g3
Nfd7 22. Na2 Qf6 23. Rab1 Nb6 24. Nb4 Nc4 25. Nc6 Rxc6 26. Bxc6 Bxb2 27. Bg2
Na4 28. Rd7 Nxa3 29. Rbd1 Nc4 30. Ra7 Bc3 31. Rxa6 Bxe1 32. Qxe1 Qc3 33. Bf1
Qxe1 34. Rxe1 Nd2 35. Ra1 Kg7 36. Rc6 Nxf1 37. Kxf1 h5 38. Rb1 Rb7 39. Rb4 Kf6
40. e4 Ke7 41. e5 Kd7 42. Rc1 Rb6 43. Rf4 1-0

[Event "3. Campeonato de la Unión Europea"]
[Site "Arvier ITA"]
[Date "2007.06.19"]
[Round "5.2"]
[White "Agrest, Evgenij"]
[Black "Borgo, Giulio"]
[Result "1/2-1/2"]
[WhiteElo "2561"]
[BlackElo "2418"]
[PlyCount "87"]
[EventDate "2007.06.15"]
[EventType "swiss"]
[EventRounds "10"]
[EventCountry "ITA"]
[Source "lmi"]
[SourceDate "2007.06.15"]

1. d4 Nf6 2. Nf3 d5 3. c4 e6 4. Nc3 c6 5. Bg5 Nbd7 6. cxd5 exd5 7. e3 Qa5 8.
Bd3 Ne4 9. O-O Nxg5 10. Nxg5 Nf6 11. h3 Bb4 12. Qc2 h6 13. Nf3 O-O 14. Ne5 c5
15. dxc5 Qxc5 16. Nb5 Qe7 17. Nf3 Bd7 18. Nbd4 Rfc8 19. Qb3 Rc7 20. Rad1 g6 21.
Bb5 Bc8 22. Rc1 Bc5 23. Qd1 a6 24. Ba4 b5 25. Bc2 Bd7 26. Bd3 Rac8 27. Rc2 Ba7
28. Rxc7 Rxc7 29. Qb1 Be8 30. Rc1 Bb6 31. Rxc7 Qxc7 32. Qc2 Qxc2 33. Nxc2 Bc6
34. a4 bxa4 35. Bxa6 Kf8 36. Nfd4 Bd7 37. Kf1 Ke7 38. Ke2 Kd6 39. f3 Kc5 40.
Kd1 Ne8 41. Ne1 Ba5 42. Nec2 Nd6 43. b3 Bc3 44. bxa4 1/2-1/2

[Event "3. Campeonato de la Unión Europea"]
[Site "Arvier ITA"]
[Date "2007.06.19"]
[Round "5.3"]
[White "Brunello, Sabino"]
[Black "Godena, Michele"]
[Result "1/2-1/2"]
[WhiteElo "2454"]
[BlackElo "2558"]
[PlyCount "20"]
[EventDate "2007.06.15"]
[EventType "swiss"]
[EventRounds "10"]
[EventCountry "ITA"]
[Source "lmi"]
[SourceDate "2007.06.15"]

1. e4 e5 2. Nf3 Nc6 3. d4 exd4 4. Nxd4 Nf6 5. Nxc6 bxc6 6. Nd2 d5 7. exd5 cxd5
8. Bb5+ Bd7 9. Bxd7+ Qxd7 10. O-O Be7 1/2-1/2

[Event "3. Campeonato de la Unión Europea"]
[Site "Arvier ITA"]
[Date "2007.06.19"]
[Round "5.4"]
[White "Luther, Thomas"]
[Black "Foisor, Sabina Francesca"]
[Result "1-0"]
[WhiteElo "2586"]
[BlackElo "2333"]
[PlyCount "97"]
[EventDate "2007.06.15"]
[EventType "swiss"]
[EventRounds "10"]
[EventCountry "ITA"]
[Source "lmi"]
[SourceDate "2007.06.15"]

1. e4 c5 2. Nf3 e6 3. c3 d5 4. exd5 exd5 5. d4 Nc6 6. Bb5 Bd6 7. O-O Nge7 8.
dxc5 Bxc5 9. Nbd2 Bg4 10. Qa4 Bh5 11. Qh4 Bg6 12. Nb3 Bb6 13. Bxc6+ bxc6 14.
Re1 Be4 15. Ng5 Nf5 16. Qh3 Nd6 17. c4 Nxc4 18. Nxe4 dxe4 19. Rxe4+ Kf8 20. Qc3
Nd6 21. Re1 Qh4 22. Be3 Qc4 23. Qe5 Qd5 24. Qf4 Bxe3 25. Qxe3 Nf5 26. Qf4 Rd8
27. h3 g6 28. g4 Nd4 29. Qh6+ Kg8 30. Nxd4 Qxd4 31. Re7 Qg7 32. Qf4 h5 33. g5
Rd4 34. Qf3 h4 35. Rae1 Rd5 36. Qf4 Rh5 37. R1e5 Rd1+ 38. Kh2 Rd5 39. Rxd5 cxd5
40. Qb8+ Kh7 41. Qe8 Rxg5 42. Rxf7 Rf5 43. Rxg7+ Kxg7 44. Qe7+ Kg8 45. Qxh4 g5
46. Qd4 Kf7 47. Qxa7+ Ke6 48. Kg2 Rf4 49. a4 1-0

[Event "3. Campeonato de la Unión Europea"]
[Site "Arvier ITA"]
[Date "2007.06.19"]
[Round "5.5"]
[White "Sulava, Nenad"]
[Black "Vezzosi, Paolo"]
[Result "1-0"]
[WhiteElo "2549"]
[BlackElo "2287"]
[PlyCount "61"]
[EventDate "2007.06.15"]
[EventType "swiss"]
[EventRounds "10"]
[EventCountry "ITA"]
[Source "lmi"]
[SourceDate "2007.06.15"]

1. d4 Nf6 2. Nf3 e6 3. e3 b6 4. Bd3 Bb7 5. O-O c5 6. c4 Be7 7. Nc3 a6 8. b3
cxd4 9. exd4 d5 10. Qe2 Nc6 11. Bb2 O-O 12. Rad1 Re8 13. Ne5 Nxd4 14. Bxh7+
Nxh7 15. Rxd4 Bf6 16. f4 b5 17. cxd5 exd5 18. Kh1 Nf8 19. Qh5 g6 20. Qf3 Ne6
21. Rd2 Qa5 22. Nxf7 Nd4 23. Nh6+ Kg7 24. Qd1 Kxh6 25. Rxd4 b4 26. Nxd5 Re2 27.
Qxe2 Bxd4 28. Ne3 Bxb2 29. Ng4+ Kh7 30. Qxb2 Qf5 31. Re1 1-0